000 00858cam a22001935a 4500
001 L156023
008 120425s1828 xxk f 000 0 eng d
035 _a(Sirsi) u156023
041 0 _aeng
100 1 _aKennedy, L.
_q(Lewis)
245 0 4 _aThe present state of the tenancy of land in Great Britain
_bshowing the principal customs and practices between incoming and outgoing tenants; and the most usual method under which land is now held in the several counties
_ccollected from a survey made in the years 1827 and 1828, by the authors, L. Kennedy and T.B. Grainger
260 _aLondon
_bpublished by J. Ridgway
_c1828
300 _axii, 384 p.
_bfold. frontis.
_c23 cm.
583 _aCondition reviewed
_c20120620
_lcondition level 4
651 4 _aGreat Britain
_y1707-
690 _aLandlord and tenant
_96252
700 1 _aGrainger, T. B.
942 _n0
999 _c113987
_d113987